Magyarország határvédelmének története a végvárrendszertől a Határőrség megszüntetéséig a jog és az adatok tükrében

Elmentve itt :
Bibliográfiai részletek
Szerző: Gondi Richárd Csaba
További közreműködők: Hekáné Szondi Ildikó (Témavezető)
Dokumentumtípus: Szakdolgozat
Megjelent: 2017
Tárgyszavak:
Online Access:http://diploma.bibl.u-szeged.hu/85106
LEADER 00960nta a2200193 i 4500
001 dipl85106
005 20200507085200.0
008 200507s2017 hu om 0|| hun d
040 |a SZTE Diploma Repozitórium  |b hun 
041 |a hun 
100 1 |a Gondi Richárd Csaba 
245 1 0 |a Magyarország határvédelmének története a végvárrendszertől a Határőrség megszüntetéséig a jog és az adatok tükrében  |h [elektronikus dokumentum] /  |c Richárd Csaba Gondi 
246 1 0 |a The history of the Hungarian border protection from the age of the border castle system until the abolition of the Border guard Service in perspective of law and data  |h [elektronikus dokumentum] 
260 |c 2017 
650 4 |a Jogi és igazgatási tanulmányok 
650 4 |a Military history 
650 4 |a Modern and contemporary history 
700 2 |a Hekáné Szondi Ildikó  |e ths 
856 4 0 |u http://diploma.bibl.u-szeged.hu/id/eprint/85106/1/2017_gondi_richard_csaba.pdf  |z Dokumentum-elérés